Third United Nations conference on the lae of the sea Offical records
Sparad:
| Materialtyp: | Bok |
|---|---|
| Språk: | Undetermined |
| Publicerad: |
New York
United Nations
1975
|
| Ämnen: | |
| Taggar: |
Lägg till en tagg
Inga taggar, Lägg till första taggen!
|
| Thư viện lưu trữ: | Trung tâm Học liệu Trường Đại học Cần Thơ |
|---|
| LEADER | 00470nam a2200169Ia 4500 | ||
|---|---|---|---|
| 001 | CTU_98499 | ||
| 008 | 210402s9999 xx 000 0 und d | ||
| 082 | |a 340.13 | ||
| 082 | |b T445/Vol.2 | ||
| 245 | 0 | |a Third United Nations conference on the lae of the sea | |
| 245 | 0 | |b Offical records | |
| 260 | |a New York | ||
| 260 | |b United Nations | ||
| 260 | |c 1975 | ||
| 650 | |a International law | ||
| 904 | |i M.Loan | ||
| 980 | |a Trung tâm Học liệu Trường Đại học Cần Thơ | ||